О некоторых закономерностях искривления скважин в условиях Кузбасса; Разведка и охрана недр; № 7-12

التفاصيل البيبلوغرافية
Parent link:Разведка и охрана недр/ Министерство геологии и охраны недр.— , 1954-
№ 7-12.— 1968.— С. 23-30
المؤلف الرئيسي: Сулакшин С. С. Степан Степанович
مؤلفون آخرون: Сорокин А. А.
اللغة:الروسية
منشور في: 1968
الموضوعات:
التنسيق: فصل الكتاب
KOHA link:https://koha.lib.tpu.ru/cgi-bin/koha/opac-detail.pl?biblionumber=415497

MARC

LEADER 00000naa2a2200000 4500
001 415497
005 20241223145405.0
035 |a (RuTPU)RU\TPU\prd\72329 
035 |a RU\TPU\tpu\2776 
090 |a 415497 
100 |a 20091217d1958 k||y0rusy50 ca 
101 0 |a rus 
102 |a RU 
200 1 |a О некоторых закономерностях искривления скважин в условиях Кузбасса  |f С. С. Сулакшин, А. А. Сорокин 
461 |0 (RuTPU)RU\TPU\prd\1709  |t Разведка и охрана недр  |f Министерство геологии и охраны недр  |d 1954- 
463 |0 (RuTPU)RU\TPU\prd\11754  |t № 7-12  |v С. 23-30  |d 1968 
610 1 |a геолого-географические науки 
610 1 |a труды учёных ТПУ 
700 1 |a Сулакшин  |b С. С.  |c российский радиофизик  |c депутат Государственной Думы  |f 1954-  |g Степан Степанович  |3 (RuTPU)RU\TPU\pers\12525  |4 070 
701 1 |a Сорокин  |b А. А.  |4 070 
801 0 |a RU  |b 63413507  |c 20011210  |g PSBO 
801 2 |a RU  |b 63413507  |c 20091217  |g PSBO 
942 |c BK